| 000 | 00625nam a22002177a 4500 | ||
|---|---|---|---|
| 003 | OSt | ||
| 005 | 20251010153533.0 | ||
| 008 | 251010b |||||||| |||| 00| 0 eng d | ||
| 020 | _a02737651285 | ||
| 040 | _cMUST | ||
| 082 | _a10/32769 | ||
| 100 |
_aBoddy David _96675 |
||
| 245 | _aManaging projects: Building and leading the team | ||
| 260 |
_aLondon _bPrentice hall _cc2002 |
||
| 300 |
_axiii,226p. : _bill.: _c25cm |
||
| 501 | _aincludes bibliographical references and index | ||
| 630 |
_aTerms in the workplace _919460 |
||
| 630 |
_aProject management _919461 |
||
| 700 |
_aDavid Boddy _919462 |
||
| 942 |
_2ddc _cO_SHELF |
||
| 999 |
_c9561 _d9561 |
||